[Event "15th ETC Women"]
[Site "Gothenburg SWE"]
[Date "2005.07.30"]
[Round "1"]
[White "Krivec,J"]
[Black "Galliamova,A"]
[Result "0-1"]
[WhiteElo "2270"]
[BlackElo "2453"]

1.e4 c5 2.Nc3 Nc6 3.Bb5 Nd4 4.Bc4 e6 5.Nf3 Nf6 6.O-O a6 7.d3 b5 8.Bb3 Nxb3
9.axb3 b4 10.Ne2 Bb7 11.Ng3 Be7 12.e5 Nd5 13.Nd2 O-O 14.Nc4 Nb6 15.Ne4 Nxc4
16.bxc4 Qc7 17.f4 f6 18.exf6 Bxf6 19.Nxf6+ Rxf6 20.b3 Raf8 21.Qe2 e5 22.Bb2 Rg6
23.Rf2 Rxf4 24.Rxf4 Rxg2+ 25.Qxg2 Bxg2 26.Rf5 Bb7 27.Raf1 h6 28.Bxe5 Qc6
29.Kf2 d6 30.Bg3 Qg2+ 31.Ke3 Qxc2 32.Bxd6 Bg2 33.R1f2 Qc1+ 34.Rd2 Bh3 35.Rf2 Qc3
36.Rf4 a5 37.Re4 Qc1 38.Rf4 a4 39.bxa4 b3 40.Be5 Bf1 41.Rf2 Qe1+ 42.Kf3 Qxe5
43.Rxf1 Qh5+ 44.Ke3 Qh3+ 45.Rf3 Qe6+ 46.Kf2 Qe5 47.d4 Qxh2+ 48.Ke1 Qh1+ 49.Ke2 Qg2+
50.Rf2 Qe4+ 51.Kf1 cxd4 52.c5 d3 53.Kg1 Qg4+ 54.Kh2 Qh5+ 55.Kg2 Qg5+ 56.Kf3 Qxc5
57.Rxd3 Qf5+ 58.Ke3 Qe5+ 59.Kd2 Qb2+ 60.Ke3 Qc1+  0-1

[Event "Open A"]
[Site "Pardubice CZE"]
[Date "2005.07.30"]
[Round "9"]
[White "Savchenko,B"]
[Black "Jankovic,A"]
[Result "1/2-1/2"]
[WhiteElo "2534"]
[BlackElo "2475"]

1.e4 c5 2.Nf3 Nc6 3.Nc3 d6 4.d4 cxd4 5.Nxd4 Nf6 6.Bg5 e6 7.Qd2 a6 8.O-O-O Bd7
9.f4 b5 10.Bxf6 gxf6 11.Kb1 Qb6 12.Nxc6 Bxc6 13.Qe1 Ra7 14.Bd3 Qc5 15.Qh4 Be7
16.Qh6 a5 17.Qg7 Rf8 18.Qxh7 a4 19.Ne2 b4 20.Qg7 b3 21.cxb3 axb3 22.Rc1 Qe3
23.Qg3 Qxg3 24.hxg3 bxa2+ 25.Ka1 Bd7 26.Nd4 Bd8 27.Bb5 Bb6 28.Bxd7+ Kxd7
29.Nb5 Ra5 30.Na3 Bf2 31.Rc3 Ra4 32.Rd1 Bd4 33.Rcd3 e5 34.Nb5 Rg8 35.Nxd4 Rxd4
36.Rxd4 exd4 37.Rxd4 Rxg3 38.f5 Rxg2 39.Kxa2 Rg3 40.Kb1 Kc6 41.Kc2 Re3 42.Kd2 Rb3
43.Rc4+ Kb6 44.Kc2 Re3 45.b3 Kb7 46.Rb4+ Kc6 47.Kd2 Rh3 48.Rc4+ Kd7 49.b4 Rb3
50.Kc2 Re3 51.b5 Ra3 52.b6 Ra6 53.Rc7+ Kd8 54.Rb7 Kc8 55.Rxf7 Rxb6 56.Kd3 Rb1
57.Rxf6 Kd7 58.Rf7+ Kc6 59.Re7 Rf1 60.Ke2 Rf4 61.Ke3 Rf1 62.Kd4 Rd1+ 63.Kc3 Rf1
64.Rf7 Re1 65.Re7 Rf1 66.Kd4 Rd1+ 67.Ke3 Rf1 68.Rf7 Kb6 69.Kd4 Kc6 70.Rg7 Rd1+
71.Kc3 Rf1 72.Kd4 Rd1+ 73.Ke3 Rf1 74.Rf7 Kb6 75.Rf8 Kc6 76.Ra8 d5 77.Rd8 Re1+
78.Kf4 Rxe4+ 79.Kg5 Re1 80.f6 Rg1+ 81.Kf5 Rf1+ 82.Kg6 Rg1+ 83.Kh6 Rh1+ 84.Kg7 Rg1+
85.Kf8 Kc5 86.f7 d4 87.Ke7 Rf1 88.Rc8+ Kb4 89.Rc6 Rxf7+  1/2-1/2

[Event "15th ETC Women"]
[Site "Gothenburg SWE"]
[Date "2005.07.31"]
[Round "2"]
[White "Muzychuk,A"]
[Black "Calzetta,M"]
[Result "0-1"]
[WhiteElo "2364"]
[BlackElo "2282"]

1.e4 c5 2.Nc3 Nc6 3.Bb5 Nd4 4.Nf3 e6 5.O-O a6 6.Bd3 Ne7 7.Nxd4 cxd4 8.Ne2 d5
9.exd5 Nxd5 10.c3 dxc3 11.dxc3 Bd6 12.Nd4 Qc7 13.h3 Bd7 14.Re1 O-O-O 15.Qf3 Kb8
16.Qxf7 Bh2+ 17.Kh1 Rhf8 18.Qxg7 Rxf2 19.Bh6 Rxb2 20.Bxh7 Nxc3 21.Rac1 Bd6
22.Nxe6 Bxe6 23.Rxe6 Rxa2 24.Rxd6 Qxd6 25.Qxc3 Qxh6 26.Qc7+ Ka7 27.Rb1 Qc6
28.Qg3 Rb2 29.Re1 Qb6 30.h4 Rd4 31.h5 Rbb4 32.Bf5 Rh4+ 33.Bh3 Rxh5  0-1

[Event "15th ETC Women"]
[Site "Gothenburg SWE"]
[Date "2005.08.01"]
[Round "3"]
[White "Fakhiridou,E"]
[Black "Galliamova,A"]
[Result "0-1"]
[WhiteElo "2272"]
[BlackElo "2453"]

1.e4 c5 2.Nc3 Nc6 3.Nf3 d6 4.d4 cxd4 5.Nxd4 Nf6 6.Bg5 e6 7.Qd2 Qb6 8.Nb3 Be7
9.Be2 O-O 10.O-O Rd8 11.Be3 Qc7 12.Rad1 a6 13.f3 b5 14.Qe1 Ne5 15.Qf2 Rb8
16.Kh1 Nc4 17.Bc1 b4 18.Bxc4 Qxc4 19.Nb1 Bd7 20.Be3 Qc7 21.c3 Ba4 22.N1d2 bxc3
23.bxc3 d5 24.Rc1 Ba3 25.Rc2 Bb5 26.c4 dxc4 27.Nd4 Nd7 28.f4 Nf6 29.Qf3 Bc5
30.Nxb5 axb5 31.Bxc5 Qxc5 32.g4 Qb4 33.Rf2 Rd3 34.Qe2 Rbd8 35.g5 c3 36.gxf6 cxd2  0-1

[Event "10th Open"]
[Site "Creon FRA"]
[Date "2005.08.02"]
[Round "2"]
[White "Mace,E"]
[Black "Saucey,M"]
[Result "1/2-1/2"]
[WhiteElo "1944"]
[BlackElo "2336"]

1.e4 c5 2.Nc3 Nc6 3.Nf3 g6 4.g3 Bg7 5.Bg2 e5 6.Nd5 Nge7 7.c3 O-O 8.d3 d6
9.Ng5 h6 10.Nh3 Nxd5 11.exd5 Ne7 12.c4 b5 13.O-O Rb8 14.Kh1 bxc4 15.dxc4 Rb4
16.b3 Bd7 17.Bd2 Rb8 18.Bc3 Qc8 19.Ng1 Nf5 20.h3 Nd4 21.Kh2 Qc7 22.Qd2 Kh7
23.Rfe1 h5 24.Qb2 Qd8 25.Nf3 Nxf3+ 26.Bxf3 h4 27.Bg2 hxg3+ 28.fxg3 Rh8 29.Rh1 Kg8
30.Raf1 Qc8 31.Qf2 f5 32.Kg1 Qd8 33.Qe1 Qe7 34.h4 g5 35.hxg5 Rxh1+ 36.Kxh1 Qxg5
37.Bd2 Qh5+ 38.Kg1 Rf8 39.Qf2 Kf7 40.Bf3 Qg6 41.Kg2 f4 42.Rh1 Ke7 43.b4 e4
44.Bh5 f3+ 45.Kf1 Qf6 46.Rh4 Qa1+ 47.Qe1 Qxe1+ 48.Kxe1 cxb4 49.Bg5+ Bf6 50.Rxe4+ Kd8
51.Rf4 Ke7 52.Rxf6 Rxf6 53.Bxf3 Kf7 54.Bxf6 Kxf6 55.Kd2 Ke5 56.Ke3 a5 57.Be4  1/2-1/2

[Event "15th ETC"]
[Site "Gothenburg SWE"]
[Date "2005.08.02"]
[Round "4"]
[White "Berend,F"]
[Black "Van der Stricht,G"]
[Result "1/2-1/2"]
[WhiteElo "2374"]
[BlackElo "2400"]

1.e4 c5 2.Nc3 Nc6 3.Nge2 e5 4.Nd5 Nce7 5.Nec3 Nxd5 6.Nxd5 Nf6 7.Nxf6+ Qxf6
8.Bc4 Be7 9.O-O O-O 10.d3 d6 11.f4 exf4 12.Bxf4 Be6 13.b3 d5 14.Bg3 Qc3 15.exd5 Bxd5
16.Qe1 Qxe1 17.Raxe1 Bxc4 18.Rxe7 Bd5 19.Rf5 Bc6 20.Bd6 c4 21.bxc4 f6 22.Rf2 Rfe8
23.Kf1 Rxe7 24.Bxe7 Kf7 25.Bc5 a6 26.Bb6 Re8 27.Rd2 h5 28.Kf2 h4 29.a3 g5
30.d4 Re4 31.d5 Ba4 32.Bd4 f5 33.c5 Bb5 34.Bb2 Rf4+ 35.Ke3 Re4+ 36.Kf2 Rf4+
37.Ke3 Re4+ 38.Kf2 Rf4+ 39.Ke3 Re4+ 40.Kf2 Rf4+ 41.Ke3 Re4+  1/2-1/2

[Event "Open Dutch Championship"]
[Site "Dieren NED"]
[Date "2005.08.03"]
[Round "8"]
[White "Nijboer,F"]
[Black "Ikonnikov,Vy"]
[Result "1/2-1/2"]
[WhiteElo "2529"]
[BlackElo "2560"]

1.e4 c5 2.Nf3 Nc6 3.Nc3 e5 4.Bc4 d6 5.d3 Be7 6.O-O Nf6 7.Ng5 O-O 8.f4 Bg4
9.Qe1 h6 10.Nf3 Bxf3 11.Rxf3 Nd4 12.Rh3 Nxc2 13.Qg3 Kh7 14.Rb1 Nd4 15.Kh1 b5
16.Nxb5 Ne2 17.Qf3 Nxf4 18.Bxf4 exf4 19.Qxf4 Qd7 20.Nc3 Ng4 21.Bb5 Qc8 22.Rf1 Rb8
23.Nd5 Bf6 24.Nxf6+ Nxf6 25.a4 a6 26.Qxd6 Nxe4 27.dxe4 axb5 28.axb5 Rxb5
29.Rf6 gxf6 30.Qxf6 Qxh3 31.gxh3 Kg8 32.Qxh6 Rfb8 33.Qg5+ Kf8 34.h4 c4 35.Qh6+ Ke7
36.Qc6 Rxb2 37.Qc5+ Ke8 38.Qc6+ Kf8 39.Qc5+ Ke8 40.Qc6+ Ke7 41.Qxc4 R8b3
42.Qc5+ Ke8 43.Qe5+ Kf8 44.h5 Rc2 45.Qh8+  1/2-1/2

[Event "15th ETC"]
[Site "Gothenburg SWE"]
[Date "2005.08.04"]
[Round "6"]
[White "Carlsson,P"]
[Black "Wojtaszek,R"]
[Result "1-0"]
[WhiteElo "2394"]
[BlackElo "2591"]

1.e4 c5 2.Nf3 Nc6 3.Nc3 d6 4.d4 cxd4 5.Nxd4 Nf6 6.Bg5 e6 7.Qd2 a6 8.O-O-O Nxd4
9.Qxd4 Be7 10.f4 b5 11.Be2 Bb7 12.Bf3 Rc8 13.Bxf6 gxf6 14.f5 h5 15.fxe6 fxe6
16.Kb1 Rc5 17.Qd3 Re5 18.Ne2 Rg8 19.Nf4 h4 20.Rhe1 Kd7 21.Qe3 Ke8 22.Nd3 Reg5
23.e5 Bc8 24.exf6 Bxf6 25.Nf4 Be5 26.Bc6+ Ke7 27.Qa7+ Bd7 28.Nd3 Bxh2 29.Nb4 Bg3
30.Re2 R8g7 31.Rf1 Rc5 32.Nd5+ Rxd5 33.Bxd5 e5 34.Re3 b4 35.a3 bxa3 36.Rxa3 Bf4
37.Rb3 Kf6 38.Rb7 Re7 39.Qf2 Kg5 40.Rh1 Bg3 41.Qe3+ Bf4 42.Qa7 Qa5 43.Bb3 Qd8
44.Rb8 Qa5 45.Rg8+ Kf5 46.Qb8 Re6 47.Rf8+  1-0

[Event "Open"]
[Site "Olomouc CZE"]
[Date "2005.08.04"]
[Round "1"]
[White "Satyapragyan,S"]
[Black "Matous,R"]
[Result "1-0"]
[WhiteElo "2397"]
[BlackElo "1994"]

1.e4 c5 2.Nc3 Nc6 3.Nf3 d6 4.d4 cxd4 5.Nxd4 Nf6 6.Bg5 e6 7.Qd2 Be7 8.O-O-O a6
9.f3 O-O 10.h4 Qc7 11.Kb1 b5 12.Nxc6 Qxc6 13.Ne2 Rd8 14.Nd4 Qc7 15.g4 Bb7
16.Bd3 b4 17.Qe1 Bc6 18.h5 h6 19.Bh4 Bb5 20.g5 Nxh5 21.gxh6 Bxh4 22.Rxh4 g6
23.Rxh5 gxh5 24.Qg3+ Kf8 25.h7 Ke7 26.Qg5+ Kd7 27.Bxb5+ axb5 28.Nxb5 Qb6
29.Qxh5 Kc6 30.h8=Q Rxh8 31.Rxd6+ Kb7 32.Qxf7+ Ka6 33.Rxb6+ Kxb6 34.c4  1-0

[Event "ch-IRI Semi-Final"]
[Site "Tehran IRI"]
[Date "2005.08.04"]
[Round "2"]
[White "Lamei,H"]
[Black "Banirashid,S"]
[Result "0-1"]
[WhiteElo "2091"]
[BlackElo "2242"]

1.e4 c5 2.Nf3 Nc6 3.Nc3 Nf6 4.d4 cxd4 5.Nxd4 e5 6.Ndb5 d6 7.Nd5 Nxd5 8.exd5 Nb8
9.c4 Be7 10.c5 O-O 11.cxd6 Bxd6 12.Nxd6 Qxd6 13.Qb3 Na6 14.Be3 Nb4 15.Bc4 b5
16.Be2 Bf5 17.O-O Bc2 18.Qa3 a5 19.Bd2 e4 20.Rac1 Rfc8 21.Bg4 Rd8 22.Rfe1 Bd3
23.Bg5 Re8 24.Bd2 Qxd5 25.Bxb4 axb4 26.Qxb4 Rxa2 27.Rc7 h6 28.Bd1 Rf8 29.f3 Ra4
30.fxe4 Bxe4 31.Qxb5 Qd4+ 32.Kh1 Qf2 33.Qf1 Bxg2+ 34.Qxg2 Qxe1+ 35.Qg1 Qe4+  0-1

[Event "15th ETC"]
[Site "Gothenburg SWE"]
[Date "2005.08.05"]
[Round "7"]
[White "Balogh,C"]
[Black "Timofeev,Arty"]
[Result "1/2-1/2"]
[WhiteElo "2537"]
[BlackElo "2661"]

1.e4 c5 2.Nf3 Nc6 3.Nc3 e5 4.Bc4 Be7 5.d3 d6 6.O-O Nf6 7.Bg5 O-O 8.Bxf6 Bxf6
9.Nd5 Bg5 10.c3 Bh6 11.a3 a6 12.b4 b5 13.Bb3 Be6 14.h3 Kh8 15.Ne3 Bxe3 16.fxe3 c4
17.dxc4 bxc4 18.Ba2 Na7 19.a4 f6 20.Qe2 Qc7 21.Rfd1 Qc6 22.Bb1 a5 23.Bc2 Nc8
24.Rab1 Nb6 25.Nh4 g6 26.bxa5 Rxa5 27.Rb4 Nd7 28.Rdb1 Ra6 29.Nf3 Nc5 30.Nd2 Nxa4
31.Bxa4 Rxa4 32.Rb6 Qc5 33.R1b5 Qc8 34.Rxd6 Rd8 35.Rdb6 Kg7 36.Nf1 Ra3 37.Rb7+ Rd7
38.Rb8 Qc7 39.R8b6 Re7 40.Qd2 Rb3 41.Qa2 Qxb6 42.Qxb3 cxb3 43.Rxb6 Bf7 44.Nd2 Rd7
45.Nxb3 Rd1+ 46.Kf2 Rb1 47.c4 Bxc4 48.Rb7+ Kh6 49.Nc5 Rf1+ 50.Kg3 Re1 51.Kf2 Rf1+
52.Kg3 Re1 53.Kf2 Re2+ 54.Kf3 Rc2 55.Nd7 Be2+ 56.Kg3 Bf1 57.Nxf6 Rxg2+ 58.Kf3 Rc2
59.h4 Be2+ 60.Kg3 g5 61.hxg5+ Kxg5 62.Nxh7+ Kg6 63.Nf8+ Kf6 64.Rb6+ Kg7 65.Ne6+ Kg8
66.Ng5 Bh5 67.Rh6 Kg7 68.Re6 Re2 69.Rxe5 Rxe3+ 70.Kf4 Re1 71.Re7+ Kf6 72.Re6+ Kg7
73.Rb6 Bg6 74.Ke5 Kh6 75.Nf7+ Kh5 76.Nd6 Kg4 77.Rb8 Bxe4 78.Nxe4 Kf3 79.Rf8+ Ke3
80.Nc5 Rc1 81.Nd7 Rc7 82.Nf6 Re7+ 83.Kf5 Kd4 84.Rd8+ Kc4 85.Ne4 Kb5 86.Kf4 Kc6
87.Rd6+ Kb5 88.Ke3 Kc4 89.Rd4+ Kb5 90.Kd3 Rh7 91.Rd5+ Kc6 92.Rc5+ Kb6 93.Re5 Rh1
94.Re6+ Kb5  1/2-1/2

[Event "15th ETC Women"]
[Site "Gothenburg SWE"]
[Date "2005.08.05"]
[Round "7"]
[White "Yildiz,B"]
[Black "Jiretorn,E"]
[Result "1-0"]
[WhiteElo "2155"]
[BlackElo "2134"]

1.e4 c5 2.Nf3 Nc6 3.Nc3 g6 4.g3 Bg7 5.Bg2 e5 6.Nd5 Nge7 7.O-O O-O 8.Nxe7+ Qxe7
9.d3 d6 10.Be3 Nd4 11.c3 Nxf3+ 12.Bxf3 f5 13.exf5 gxf5 14.Bd5+ Be6 15.Bxe6+ Qxe6
16.f4 b6 17.a4 Rae8 18.a5 b5 19.a6 Qd5 20.Ra5 b4 21.d4 bxc3 22.bxc3 Qe4 23.Bf2 exf4
24.Re1 Qc6 25.Rxe8 Rxe8 26.dxc5 fxg3 27.hxg3 dxc5 28.Rxc5 Qe4 29.Qb3+ Kh8
30.Qb7 Qg4 31.Rc8 Rg8 32.Qa8 Bxc3 33.Rxg8+ Qxg8 34.Qxg8+ Kxg8 35.Bxa7 Be5
36.Bb6 Bb8 37.a7 Bxa7 38.Bxa7 Kf7 39.Kg2 Kg6 40.Be3 Kf6 41.Bf4 Ke6 42.Kh3 Kf6
43.Kh4 Kg6 44.Be3 Kf6 45.Kh5 Kf7 46.Kh6  1-0

[Event "15th ETC Women"]
[Site "Gothenburg SWE"]
[Date "2005.08.05"]
[Round "7"]
[White "Aginian,N"]
[Black "Medvegy,N"]
[Result "1-0"]
[WhiteElo "2324"]
[BlackElo "2387"]

1.e4 c5 2.Nf3 Nc6 3.Nc3 Nf6 4.d4 cxd4 5.Nxd4 e5 6.Ndb5 d6 7.Bg5 a6 8.Na3 b5
9.Nd5 Be7 10.Bxf6 Bxf6 11.c3 Bg5 12.Nc2 Rb8 13.a4 bxa4 14.Ncb4 Bd7 15.Bxa6 Nxb4
16.Nxb4 Qa5 17.Qd5 Qxd5 18.exd5 O-O 19.O-O e4 20.Be2 f5 21.Rfb1 Rb6 22.Bd1 Ra8
23.Bc2 Bd2 24.Ra3 e3 25.Kf1 exf2 26.Kxf2 f4 27.Nc6 Be3+ 28.Kf1 Kf8 29.Bxh7 Bxc6
30.dxc6 Rab8 31.Be4 Rxb2 32.Rxb2 Rxb2 33.c7  1-0

[Event "Ave-Kontakt Cup IMB"]
[Site "Olomouc CZE"]
[Date "2005.08.05"]
[Round "4"]
[White "Potapov,P"]
[Black "Vavra,P1"]
[Result "1/2-1/2"]
[WhiteElo "2285"]
[BlackElo "2346"]

1.e4 c5 2.Nf3 Nc6 3.Nc3 Nf6 4.d4 cxd4 5.Nxd4 Qb6 6.Nb3 e6 7.g3 Bb4 8.Bg2 d5
9.O-O d4 10.Ne2 e5 11.Bg5 Be7 12.c3 h6 13.Bxf6 Bxf6 14.cxd4 exd4 15.Nf4 O-O
16.Nd5 Qd8 17.f4 Be6 18.Nxf6+ Qxf6 19.e5 Qd8 20.Nc5 Qb6 21.Nxe6 fxe6 22.Qg4 Ne7
23.Be4 d3+ 24.Kh1 Rad8 25.Rad1 d2 26.b3 Nf5 27.Bxf5 Rxf5 28.Qe2 Qa5 29.Qc4 Rf7
30.Qxe6 Qxa2 31.f5 Qc2 32.f6 Qe4+ 33.Kg1 Qe3+ 34.Kh1 gxf6 35.Rxf6 Qe1+  1/2-1/2

[Event "Petrovskaya Ladya IM"]
[Site "Peterhof RUS"]
[Date "2005.08.05"]
[Round "6"]
[White "Sudakova,I"]
[Black "Arzumanian,G"]
[Result "1/2-1/2"]
[WhiteElo "2360"]
[BlackElo "2448"]

1.e4 c5 2.Ne2 Nc6 3.Nbc3 Nf6 4.d4 cxd4 5.Nxd4 Qb6 6.Nxc6 dxc6 7.Bc4 e5 8.O-O Be7
9.Rb1 O-O 10.Be3 Qb4 11.Qe2 b5 12.Bd3 Be6 13.Bd2 Qd6 14.a4 a6 15.f4 exf4
16.e5 Qd4+ 17.Kh1 Nd7 18.Rxf4 Qxe5 19.Re4 Qd6 20.Bf4 Qc5 21.Be3 Qd6 22.Bf4 Qc5
23.Be3  1/2-1/2

[Event "15th ETC"]
[Site "Gothenburg SWE"]
[Date "2005.08.06"]
[Round "8"]
[White "Shaw,J"]
[Black "Kett,T"]
[Result "1/2-1/2"]
[WhiteElo "2449"]
[BlackElo "2192"]

1.e4 c5 2.Nc3 Nc6 3.Bb5 g6 4.Bxc6 dxc6 5.d3 Bg7 6.Nge2 e5 7.Be3 b6 8.Qd2 Nf6
9.h3 O-O 10.Bh6 Qd6 11.O-O Nh5 12.Bxg7 Kxg7 13.f4 exf4 14.Nxf4 Nxf4 15.Rxf4 f6
16.Raf1 Be6 17.b3 Rad8 18.Nd1 b5 19.Qf2 Qe5 20.Ne3 a5 21.h4 c4 22.bxc4 bxc4
23.dxc4 Rd4 24.Qf3 h5 25.Rb1 Bxc4 26.g4 Be2 27.Qf2 Bxg4 28.Nxg4 hxg4 29.Rxg4 Rxe4
30.Rb7+ Rf7 31.Rxf7+ Kxf7 32.Qa7+ Qe7 33.Qxe7+ Rxe7 34.Rc4 Re3 35.a4 Ra3
36.Kf2 Ke7 37.Rg4 Kf7 38.Rc4 Kg7 39.c3 Ra2+  1/2-1/2

[Event "Open"]
[Site "Nice FRA"]
[Date "2005.08.06"]
[Round "7"]
[White "Cosenza,G"]
[Black "Sanchez,Joseph"]
[Result "0-1"]
[WhiteElo "2048"]
[BlackElo "2452"]

1.e4 c5 2.Nf3 Nc6 3.Nc3 Nf6 4.Bc4 e6 5.O-O a6 6.a4 d5 7.exd5 exd5 8.Re1+ Be7
9.Bf1 Bg4 10.h3 Bh5 11.d3 Qc7 12.Bg5 O-O-O 13.g4 Bg6 14.Bh4 d4 15.Ne4 Nxe4
16.Bxe7 Qxe7 17.dxe4 h5 18.Nd2 Kb8 19.Qf3 Ka7 20.Nc4 hxg4 21.Qxg4 Rh4 22.Qg3 Rxe4
23.f3 Qh4 24.Qxh4 Rxh4 25.Rac1 Bf5 26.Ne5 Nxe5 27.Rxe5 Bxh3 28.Bd3 b6 29.Re7+ Rd7
30.Rce1 Kb8 31.Rxd7 Bxd7 32.Re7 Bxa4 33.Rxf7 g5 34.Rg7 Bc6 35.Rxg5 Bxf3 36.Bxa6 Be4
37.Rg7 Rh1+ 38.Kf2 Rh2+ 39.Ke1  0-1

[Event "Ave-Kontakt Cup IMB"]
[Site "Olomouc CZE"]
[Date "2005.08.06"]
[Round "5"]
[White "Petr,Ma"]
[Black "Potapov,P"]
[Result "1-0"]
[WhiteElo "2331"]
[BlackElo "2285"]

1.e4 c5 2.Nf3 Nc6 3.Nc3 e5 4.Bc4 d6 5.d3 Be7 6.O-O Nf6 7.Ng5 O-O 8.f4 Bg4
9.Qe1 h6 10.Nf3 Bxf3 11.gxf3 Nh5 12.f5 Bg5 13.Kh1 Bxc1 14.Rxc1 Kh7 15.Rg1 g5
16.Qf2 Ne7 17.h4 f6 18.Qh2 Kg7 19.Rg4 Nf4 20.Rcg1 Rh8 21.Rxf4 exf4 22.Qxf4 Nc6
23.Nd5 b5 24.Bb3 Nd4 25.Qg4 h5 26.Qg2 Rg8 27.Nxf6 Qxf6 28.Bxg8 Rxg8 29.c3 Nc6
30.hxg5 Qe5 31.Qh3 Qf4 32.Qg3 Qxg3 33.Rxg3 Ne5 34.f4 Ng4 35.Kg2 a5 36.Rf3 Re8
37.Kg3 c4 38.Kh4 cxd3 39.Rxd3 Rxe4 40.Kxh5 Rxf4 41.Rxd6 Ne5 42.Rb6 Rxf5 43.Rxb5 a4
44.Ra5 Rf2 45.Rxe5 Rh2+ 46.Kg4 Rxb2 47.a3 Rb3 48.Rc5 Rxa3 49.Kh5 Ra1 50.Rc7+ Kf8
51.Kg6 a3 52.c4 a2 53.Rf7+ Ke8 54.Rf2 Ke7 55.Rd2 Rc1 56.Rxa2 Rxc4 57.Kg7 Rg4
58.Re2+ Kd7 59.g6 Rg1 60.Kf7 Rf1+ 61.Kg8 Rg1 62.g7 Rh1 63.Re4 Kd6 64.Kf7 Rf1+
65.Kg6 Rg1+ 66.Kf6 Kd7 67.Re5  1-0

[Event "Inline Czechia Cup IMA"]
[Site "Olomouc CZE"]
[Date "2005.08.06"]
[Round "5"]
[White "Pachow,J"]
[Black "Savage,B"]
[Result "1/2-1/2"]
[WhiteElo "2352"]
[BlackElo "2300"]

1.e4 c5 2.Nf3 Nc6 3.Nc3 e5 4.Bc4 Be7 5.d3 d6 6.Nd2 Nf6 7.Nf1 Bg4 8.f3 Be6
9.Ne3 O-O 10.O-O Nd4 11.a4 a6 12.Ncd5 Nxd5 13.Nxd5 Bg5 14.c3 Bxc1 15.Rxc1 Nc6
16.Rc2 Ne7 17.Nxe7+ Qxe7 18.Rcf2 f5 19.Qb3 Bxc4 20.Qxc4+ Kh8 21.f4 g6 22.exf5 Rxf5
23.fxe5 Rxf2 24.Rxf2 Qxe5 25.Qf7 Re8 26.Qf6+ Kg8 27.Qf7+ Kh8 28.Qf6+ Kg8  1/2-1/2

[Event "Agentura 64 Cup IMC"]
[Site "Olomouc CZE"]
[Date "2005.08.06"]
[Round "5"]
[White "Pitl,G"]
[Black "Sluka,R"]
[Result "1-0"]
[WhiteElo "2332"]
[BlackElo "2329"]

1.e4 c5 2.Nc3 Nc6 3.Nge2 g6 4.d4 cxd4 5.Nxd4 Bg7 6.Nb3 d6 7.g4 Nf6 8.g5 Nd7
9.Be3 b6 10.h4 a5 11.Nd4 Nde5 12.Bb5 Bd7 13.Be2 Qc8 14.Nd5 Rb8 15.f4 Ng4
16.Bg1 h5 17.gxh6 Nxh6 18.Ba6 Qd8 19.Bb5 Na7 20.Bxd7+ Qxd7 21.Qd3 e6 22.Ne3 Nc6
23.Nxc6 Qxc6 24.O-O-O Ke7 25.h5 Ng8 26.Bf2 Rxh5 27.Rxh5 gxh5 28.f5 b5 29.fxe6 fxe6
30.e5 Rb7 31.exd6+ Kd8 32.Bh4+ Bf6 33.Be1 Rg7 34.Bxa5+ Kd7 35.Nf5 Rg4 36.Ne7 Nxe7
37.dxe7+ Qd5 38.Qxb5+ Kxe7 39.Rxd5 exd5 40.Qxd5 Bg5+  1-0

[Event "Warmia & Mazury"]
[Site "Ostroda POL"]
[Date "2005.08.06"]
[Round "1"]
[White "Heberla,B"]
[Black "Smola,M"]
[Result "1-0"]
[WhiteElo "2447"]
[BlackElo "1984"]

1.e4 c5 2.Nc3 Nc6 3.Bb5 Nd4 4.Bc4 g6 5.Nf3 Bg7 6.Nxd4 cxd4 7.Qf3 e6 8.Nb5 d6
9.Qa3 Bf8 10.Nxd4 d5 11.Bb5+ Bd7 12.Qd3 Bg7 13.exd5 exd5 14.O-O Ne7 15.Bxd7+ Qxd7
16.b3 O-O 17.Bb2 Rac8 18.Rae1 Rfe8 19.Bc3 Nc6 20.Nxc6 bxc6 21.Bxg7 Kxg7 22.Qd4+ Kg8
23.Qc5 Rxe1 24.Rxe1 Re8 25.Rxe8+ Qxe8 26.Qe3 Qd7 27.Qe5 Qg4 28.f3 Qb4 29.c3 Qa3
30.Qe3 Qxa2 31.b4 Qa4 32.Kf2 Kf8 33.Kg3 Qa6 34.Kf4 Qb7 35.Qe5 Kg8 36.Kg5 Qc8
37.Qf6 Qb8 38.f4 Qe8 39.Qd6 Qc8 40.Kf6 Qf5+ 41.Ke7 Qe4+ 42.Qe5  1-0

[Event "15th ETC Women"]
[Site "Gothenburg SWE"]
[Date "2005.08.07"]
[Round "9"]
[White "Llaneza Vega,P"]
[Black "Tsifanskaya,L"]
[Result "1/2-1/2"]
[WhiteElo "2180"]
[BlackElo "2190"]

1.e4 c5 2.Nf3 Nc6 3.Nc3 g6 4.d4 cxd4 5.Nxd4 Bg7 6.Be3 Nf6 7.Bc4 O-O 8.Bb3 d6
9.f3 Bd7 10.Qd2 Nxd4 11.Bxd4 b5 12.h4 a5 13.a4 bxa4 14.Nxa4 e5 15.Bb6 Qb8
16.Be3 Be6 17.Qd3 Bxb3 18.cxb3 d5 19.exd5 e4 20.fxe4 Nxe4 21.O-O Ng3 22.Rf3 Nf5
23.Bc5 Rc8 24.Rxf5 gxf5 25.d6 Rxc5 26.Nxc5 Qb4 27.Rc1 Qxh4 28.Rd1 Be5 29.d7 Bc7
30.Qd5 Rd8 31.Kf1 Bb6 32.Nd3 f4 33.Re1 Be3 34.Qc6 Qh1+ 35.Ke2 Qh5+ 36.Kf1 Qh1+  1/2-1/2

[Event "Open"]
[Site "Olomouc CZE"]
[Date "2005.08.07"]
[Round "4"]
[White "Satyapragyan,S"]
[Black "Volodin,V"]
[Result "1-0"]
[WhiteElo "2397"]
[BlackElo "2245"]

1.e4 c5 2.Nf3 Nc6 3.Nc3 e5 4.Bc4 Be7 5.d3 d6 6.Nd2 Bg5 7.Nf1 Bxc1 8.Rxc1 Nf6
9.Ne3 O-O 10.O-O Be6 11.Ncd5 Bxd5 12.Nxd5 Nxd5 13.Bxd5 Qg5 14.Kh1 Ne7 15.Bb3 Kh8
16.Qf3 Ng6 17.Qf5 Qxf5 18.exf5 Ne7 19.f4 f6 20.g4 g5 21.fxg5 fxg5 22.Kg2 Kg7
23.Be6 Ng8 24.h4 h6 25.hxg5 hxg5 26.Bxg8 Rxg8 27.Rh1 Rh8 28.c4 Kf6 29.Rxh8 Rxh8
30.Rh1 Rd8 31.Rh6+ Kg7 32.Rg6+ Kf7 33.Rxg5 d5 34.Rh5 dxc4 35.dxc4 Kf6 36.Kg3 Rd3+
37.Kh4 e4 38.Rh6+ Ke5 39.Kg5 Rf3 40.Re6+ Kd4 41.Kf6 e3 42.g5 Kxc4 43.g6 Kd3
44.g7 Rg3 45.Kf7  1-0

[Event "Inline Czechia Cup IMA"]
[Site "Olomouc CZE"]
[Date "2005.08.07"]
[Round "7"]
[White "Pachow,J"]
[Black "Salai,L"]
[Result "1/2-1/2"]
[WhiteElo "2352"]
[BlackElo "2378"]

1.e4 c5 2.Nf3 Nc6 3.Nc3 e5 4.Bc4 Be7 5.d3 d6 6.Nd2 Nf6 7.Nf1 Bg4 8.f3 Be6
9.Ne3 O-O 10.O-O Qd7 11.a3 a6 12.Ncd5 Bd8 13.f4 exf4 14.Rxf4 Ne5 15.Ba2 Bxd5
16.Nxd5 Nxd5 17.Bxd5 Bg5 18.Rf1 Bxc1 19.Rxc1 Rae8 20.b4 Re7 21.h3 Qc7 22.Qd2 Nd7
23.Rf5 Re5 24.Rcf1 Rxf5 25.Rxf5 b6 26.Kh1 Ne5  1/2-1/2

[Event "ch-IRI Semi-Final"]
[Site "Tehran IRI"]
[Date "2005.08.07"]
[Round "5"]
[White "Asgari,M"]
[Black "Ryahi,N"]
[Result "1-0"]
[WhiteElo "2182"]
[BlackElo "2269"]

1.e4 c5 2.Nc3 Nc6 3.Nge2 Nf6 4.d4 cxd4 5.Nxd4 d6 6.Bc4 e6 7.Be3 Bd7 8.Qe2 Na5
9.Bd3 a6 10.g4 h6 11.f4 Qc7 12.f5 e5 13.Nb3 b5 14.Nxa5 Qxa5 15.Bd2 Qb6 16.a3 Bc6
17.O-O-O b4 18.axb4 Qxb4 19.Bc4 Rb8 20.b3 Qa3+ 21.Kb1 Bb7 22.h4 Be7 23.g5 Nxe4
24.Nxe4 d5 25.Bc1 Qa5 26.f6 gxf6 27.gxf6 dxc4 28.fxe7 cxb3 29.cxb3 Bxe4+
30.Qxe4 Rxb3+ 31.Bb2 Kxe7 32.Rh2 Rd8 33.Rxd8 Kxd8 34.Kc2 Rb5 35.Rd2+ Ke7
36.Qd3 Qc7+ 37.Kd1 Ke6 38.Qh3+ f5 39.Qg2 Kf7 40.Qf3 Ke6 41.Qh5 Qg7 42.Qe8+  1-0

[Event "HZ Open"]
[Site "Vlissingen NED"]
[Date "2005.08.07"]
[Round "2"]
[White "Van de Wynkele,E"]
[Black "Dek,L"]
[Result "0-1"]
[WhiteElo "1985"]
[BlackElo "2203"]

1.e4 c5 2.Nc3 Nc6 3.Bb5 g6 4.Bxc6 dxc6 5.d3 Bg7 6.Nge2 Nf6 7.O-O O-O 8.Be3 b6
9.h3 e5 10.Qd2 Qe7 11.Rae1 Be6 12.f4 exf4 13.Nxf4 Nd7 14.g4 Rad8 15.Kg2 Ne5
16.Nxe6 Qxe6 17.Qf2 Nd7 18.Qd2 Nf6 19.Bg5 Rd7 20.Qf4 Ne8 21.e5 Rd4 22.Qe3 Nc7
23.Bf6 Nd5 24.Qf3 Rf4 25.Nxd5 Rxf3 26.Ne7+ Kh8 27.Kxf3 Bxf6 28.exf6 Qxf6+
29.Kg2 Qd6 30.g5 c4 31.Rf6 Qc5 32.h4 cxd3 33.cxd3 Qb4 34.Rff1 Qg4+  0-1

[Event "FSIMB August"]
[Site "Budapest HUN"]
[Date "2005.08.08"]
[Round "3"]
[White "Stupavski,Z"]
[Black "Balogh,E"]
[Result "1-0"]
[WhiteElo "2337"]
[BlackElo "2157"]

1.e4 c5 2.Nc3 Nc6 3.Bb5 e6 4.Bxc6 bxc6 5.d3 d5 6.f4 dxe4 7.dxe4 Ba6 8.Qxd8+ Rxd8
9.Nf3 Bd6 10.Be3 Nf6 11.g3 O-O 12.O-O-O Ng4 13.Bg1 Rfe8 14.h3 Nh6 15.Rh2 f6
16.Na4 g5 17.Bxc5 Bb8 18.Rxd8 Rxd8 19.Be3 g4 20.Nd4 gxh3 21.Rxh3 Ng4 22.Nxc6 Rc8
23.Ne7+ Kf8 24.Nxc8 Nxe3 25.Rxh7 Kg8 26.Rd7  1-0

[Event "American Continental"]
[Site "Buenos Aires ARG"]
[Date "2005.08.08"]
[Round "3"]
[White "Rodriguez,And URU"]
[Black "Felgaer,R"]
[Result "0-1"]
[WhiteElo "2523"]
[BlackElo "2618"]

1.e4 c5 2.Nf3 Nc6 3.Nc3 g6 4.d4 cxd4 5.Nxd4 Bg7 6.Nb3 d6 7.g4 Bxc3+ 8.bxc3 Nf6
9.f3 Be6 10.Bh6 Qc7 11.Nd4 d5 12.Nb5 Qa5 13.Bg7 Rg8 14.Nd6+ Kd7 15.Bxf6 exf6
16.Nxb7 Qxc3+ 17.Kf2 Nd4 18.Rb1 Rab8 19.Qd3 Rbc8 20.Qxc3 Rxc3 21.Bd3 dxe4
22.Bxe4 f5 23.gxf5 gxf5 24.Bd3 Bd5 25.Rhe1 Bxf3 26.Re3 Rg2+ 27.Kf1 Rgxc2
28.Bxc2 Rxe3 29.Bd1 Be4 30.Nc5+ Kd6 31.Nxe4+ fxe4 32.Rb7 Rd3 33.Bh5 f5 34.Rxa7 Rh3
35.Rxh7 e3 36.Rh6+ Ke5 37.Rh8 Rxh2 38.Kg1 Rxa2 39.Re8+ Kf4 40.Re7 Nf3+  0-1

[Event "American Continental"]
[Site "Buenos Aires ARG"]
[Date "2005.08.08"]
[Round "3"]
[White "Bachmann,Ax"]
[Black "Mareco,S"]
[Result "1/2-1/2"]
[WhiteElo "2410"]
[BlackElo "2187"]

1.e4 c5 2.Nf3 Nc6 3.Nc3 Nf6 4.Bb5 Nd4 5.Bc4 d6 6.h3 e6 7.O-O Be7 8.a4 O-O
9.d3 Bd7 10.Nxd4 cxd4 11.Ne2 e5 12.c3 dxc3 13.Nxc3 Bc6 14.Qb3 Nd7 15.Be3 a6
16.d4 b5 17.axb5 axb5 18.Rxa8 Qxa8 19.Bxb5 Rb8 20.Bxc6 Qxc6 21.Qc2 Bd8 22.Ra1 Nf6
23.d5 Qc4 24.Ra4 Qc8 25.Qe2 h6 26.Rc4 Qb7 27.b4 Bb6 28.Bxb6 Qxb6 29.b5 Qa5
30.Rc6 Qa3 31.g3 Kh7 32.Kg2 Nd7 33.Qf3 Kg8 34.Rc7 Rd8 35.Qf5 g6 36.Qf3 Qa5
37.Rc6 Qb4 38.Rc7 Qa5 39.Rc6 Qb4 40.Qe3 Nc5 41.b6 Kg7 42.h4 Ra8 43.Qf3 Rd8
44.g4 Nd7 45.g5 h5 46.Na2 Qb1 47.Nc3 Qb4 48.Kh2 Kf8 49.b7 Ke8 50.Rc8 Qxb7
51.Rxd8+ Kxd8 52.Qxf7 Qb2 53.Qf3 Ke8 54.Ne2 Nc5 55.Ng3 Qc2 56.Qf6 Kd7 57.Qxg6 Qxf2+
58.Kh3 Kc7 59.Qxh5 Nd3 60.Qh7+ Kb6 61.Qd7 Qf3 62.Qxd6+ Ka5 63.Qa3+ Kb6 64.Qb3+ Kc7
65.Qc2+ Kd8 66.Kh2 Nf2 67.Nf1 Nxe4 68.Qg2 Qf4+ 69.Kg1 Qxh4 70.g6 Nf6 71.g7 Qd4+
72.Kh2 Qh4+ 73.Kg1 Qd4+ 74.Kh1 Qh4+ 75.Qh2 Qe4+ 76.Kg1 Qxd5 77.Ne3 Qd4 78.Qf2 Qf4
79.Qd2+ Ke8 80.Nf1  1/2-1/2